书目信息 |
| 题名: |
中国历代才女 下
|
|
| 作者: | 苏者聪 主编 | |
| 分册: | ||
| 出版信息: | 郑州 河南人民出版社 1996.07 |
|
| 页数: | 467页 | |
| 开本: | 32开 | |
| 丛书名: | ||
| 单 册: | ||
| 中图分类: | K82 | |
| 科图分类: | ||
| 主题词: | 人物--传记--中国 | |
| 电子资源: | ||
| ISBN: | 7-215-03431-3 | |
| 000 | 00554nam0 2200193 45 | |
| 001 | 0005310951 | |
| 005 | 20000531162958.6 | |
| 010 | @a7-215-03431-3@d19.90元 | |
| 100 | @a20000531d1996 km y0chiy0120 ea | |
| 101 | @achi | |
| 105 | @a z 000yy | |
| 200 | 1 | @a中国历代才女 下@AZhong Guo Li Dai Cai Nu Xia@f苏者聪主编@FSu Zhe Cong Zhu Bian |
| 210 | @a郑州@c河南人民出版社@d1996.07 | |
| 215 | @a467页@d32开 | |
| 606 | 0 | @a人物@x传记@x中国 |
| 690 | @aK82@v3 | |
| 701 | @a苏者聪@4主编 | |
| 801 | @aCN@bPftUser@c20000531 | |
| 905 | @b57052-054@dK82@eS103:2@f3 | |
| 中国历代才女 下/苏者聪主编.-郑州:河南人民出版社,1996.07 |
| 467页;32开 |
| ISBN 7-215-03431-3:19.90元 |
| ● |
| 相关链接 |
|
|
|
正题名:中国历代才女下
索取号:K82/S103:2
 
预约/预借
| 序号 | 登录号 | 条形码 | 馆藏地/架位号 | 状态 | 备注 |
| 1 | 57052 | 200570523 | 社科库309/ [索取号:K82/S103:2] | 在馆 | |
| 2 | 57053 | 200570532 | 社科库309/309社科库 44排2列5层/ [索取号:K82/S103:2] | 在馆 | |
| 3 | 57054 | 200570541 | 社科库309/309社科库 44排2列5层/ [索取号:K82/S103:2] | 在馆 |